Low cost, no cost teaching AIDS (Record no. 6846)
[ view plain ]
| 000 -LEADER | |
|---|---|
| fixed length control field | 00229nam a22000857a 4500 |
| 008 - FIXED-LENGTH DATA ELEMENTS--GENERAL INFORMATION | |
| fixed length control field | 170616b xxu||||| |||| 00| 0 eng d |
| 100 ## - MAIN ENTRY--PERSONAL NAME | |
| 9 (RLIN) | 3472 |
| Personal name | Dasgupta. M |
| 245 ## - TITLE STATEMENT | |
| Title | Low cost, no cost teaching AIDS |
| 260 ## - PUBLICATION, DISTRIBUTION, ETC. (IMPRINT) | |
| Place of publication, distribution, etc. | New Delhi |
| Name of publisher, distributor, etc. | N. B. T |
| Date of publication, distribution, etc. | 2007 |
| Withdrawn status | Lost status | Source of classification or shelving scheme | Damaged status | Koha normalized classification for sorting | Not for loan | Home library | Current library | Shelving location | Date acquired | Total Checkouts | Full call number | Barcode | Date last seen | Price effective from | Koha item type |
|---|---|---|---|---|---|---|---|---|---|---|---|---|---|---|---|
| Dewey Decimal Classification | DAS_371_000000000000000_C8 | Good Samaritan School Library | Good Samaritan School Library | MUSIC | 06/16/2017 | DAS371 C-8 | DAS7876 | 06/16/2017 | 06/16/2017 | Reference | |||||
| Dewey Decimal Classification | 371_000000000000000 | Good Samaritan School Library | Good Samaritan School Library | GENERAL | 06/16/2017 | 371 | DAS7877 | 06/16/2017 | 06/16/2017 | BOOK | |||||
| Dewey Decimal Classification | 371_000000000000000 | Good Samaritan School Library | Good Samaritan School Library | GENERAL | 06/16/2017 | 371 | DAS7878 | 06/16/2017 | 06/16/2017 | BOOK |